Statistics for Complete a World Map Mosaic

Click here to take the quiz!

General Stats

  • This quiz has been taken 32,056 times
  • The average score is 26 of 40

Answers on the Map

Answers color-coded by a green-red scale on the quiz's map according to % correct below.
 

Answer Stats

Country% Correct
United States
98%
China
97%
Russia
95%
Brazil
94%
India
94%
Mexico
87%
Indonesia
83%
Japan
82%
Germany
81%
Washington D.C.
81%
Nigeria
80%
Pakistan
78%
Beijing
77%
Egypt
75%
Ottawa
73%
Tokyo
71%
Bangladesh
70%
Iran
70%
New Delhi
70%
Turkey
69%
D.R. Congo
68%
Vietnam
68%
Buenos Aires
66%
Helsinki
66%
Ethiopia
62%
Thailand
62%
Philippines
61%
Copenhagen
58%
Athens
55%
Hanoi
55%
Ankara
54%
Tehran
51%
Manila
43%
Nairobi
43%
Kuala Lumpur
41%
Phnom Penh
37%
Port Moresby
36%
Tripoli
36%
Luanda
33%
Niamey
25%

Score Distribution

Percentile by Number Answered

Percent of People with Each Score

Your Score History

You have not taken this quiz